000 00448nam a2200145Ia 4500
008 100415s9999 xx 000 0 und d
082 _b8494
_a595.78
100 _aRood, Ronald, N
245 _aThe How and Why Wonder Book of Ants and Bees
260 _aNEW YORK
_c1962
_bGROSSET & DUNLAP,INC.
365 _b0
630 _aThe How and Why Wonder Book of Ants and Bees
730 _aThe How and Why Wonder Book of Ants and Bees
942 _cBOOK
999 _c591436
_d591433